[Event "ROM-ch U10"]
[Site "Calimanesti Caciulata"]
[Date "2019.04.21"]
[Round "8"]
[White "Ropota, Damian Alexandru"]
[Black "Furfurica, Alexandru"]
[Result "1-0"]
[WhiteElo "1005"]
[BlackElo "1095"]
[PlyCount "68"]
[EventDate "2019.04.15"]
[EventType "swiss"]
[EventRounds "9"]
[EventCountry "ROU"]
[SourceTitle "CBM 190 Extra"]
[Source "ChessBase"]
[SourceDate "2019.07.15"]
[SourceVersion "1"]
[SourceVersionDate "2019.07.15"]
[SourceQuality "1"]

1. d4 Nf6 2. Nf3 g6 3. g3 Bg7 4. Bg2 d6 5. 0-0 0-0 6. c4 Nbd7 7. Nc3 b6 8. d5 Bb7 9. Bf4 Re8 10. Nd4 Nh5 11. Nc6 Bxc6 12. dxc6 Ndf6 13. Be3 Ng4 14. Bd4 Bxd4 15. Qxd4 Nhf6 16. h3 Nh6 17. g4 e5 18. Qe3 Kg7 19. g5 Nf5 20. gxf6+ Qxf6 21. Qe4 Qg5 22. Nd5 Rac8 23. Kh2 Nh4 24. Rg1 f5 25. Qe3 f4 26. Qe4 Rf8 27. Bf3 Nxf3+ 28. Qxf3 Qf5 29. Ne7 Qe6 30. Nxc8 Rxc8 31. Qe4 Kh8 32. e3 fxe3 33. fxe3 Qf5 34. Qxf5 gxf5 1-0